000
00262nam a22001097a 4500
082
_a
621.381 RIS'E
100
_a
RISSE, JOSEPH A
_9
41588
245
_a
ELECTRIC TEST INSTRUMENT HANDBOOK
260
_a
NEWYORK
_b
HOWARD W. SAMS
_c
1964
300
_a
288P
942
_c
BK
999
_c
579346
_d
579346